000 00268nam a22001097a 4500
082 _a954
100 _aIAS,Vision
_981506
245 _aAncient & Medieval Indian History (Overview) 42
260 _aDelhi
_bVision,Ias
_c2022
650 _aIndian History
_9227
942 _cBK
999 _c65543
_d65543